Graničnyje zadači v teorii massovovo obsluživanija : Perevod s angl /

Enregistré dans:
Détails bibliographiques
Auteurs principaux: Cohen, J.W (Auteur), Boxma, O.J (Auteur)
Format: Livre
Publié: Moskva : Mir, 1987
Tags: Ajouter un tag
Pas de tags, Soyez le premier à ajouter un tag!

MARC

LEADER 00000nam a22000003a 4500
001 stu15806
005 20150617225758.5
008 ------s1987----xxr---------------------d
040 |a STU  |b slo 
041 0
044 |a xxr 
080 |a 517.53 
100 1 |a Cohen, J.W  |4 aut 
245 1 |a Graničnyje zadači v teorii massovovo obsluživanija :  |b Perevod s angl /  |c [aut.]Cohen,J.W., Boxma,O.J 
260 |a Moskva :  |b Mir,  |c 1987 
300 |a 272 s :  |b Tab.,lit 
700 1 |a Boxma, O.J  |4 aut 
996 |b C81191  |c C*81191  |l CCXVI  |s P  |a 0  |w stu15806_0001